| 000 | 00440nam a2200181Ia 4500 | ||
|---|---|---|---|
| 005 | 20240823010849.0 | ||
| 008 | 240823s9999||||xx |||||||||||||| ||und|| | ||
| 082 | _A390.1 N8 | ||
| 100 | _a"Anderson,Aal H" | ||
| 245 | 0 | _aResult Oriented Marketing | |
| 250 | _a1st | ||
| 260 |
_c1998 _b"Beacon,New delhi" |
||
| 500 | _aYES | ||
| 650 |
_aManagement _bManagement Studies |
||
| 700 | _a" Dobson,Thelma" | ||
| 942 | _cBK | ||
| 999 |
_c159870 _d159870 |
||